000 00673ntaaa2200217 4500
003 01
005 20251027201849.0
008 0714s1973 ag 01
020 _a8430105840
040 _aAR-BaBN
_bspa
_cAR-BaBN
_eaacr
_dRIC
082 _a248.2 V89p
100 _aBalthasar, Hans Urs von
_d1905-1988
_95294
245 _a¿Por qué soy todavía cristiano? /
_cHans Urs von Balthasar, Joseph Ratzinger
250 _a3a ed.
260 _aSalamanca :
_bEds. Sígueme,
_c1975
300 _a75 p. ;
_c18 cm.
500 _aIncluye referencias bibliográficas
505 _t¿Por qué permanezco en la iglesia? /
_rRatzinger, José
650 _avida cristiana
942 _cBK
999 _c13345
_d13345